00351pab a2200121 454500008004000000100002600040245004800066260000900114300001500123362000800138650002000146773006300166180718b2004 xxu||||| |||| 00| 0 eng d aPeterson, Christopher aPositive social science (book review essay) c2004 ap.186-201. aJan aSocial sciences aAnnals of American Academy of Political and Social Science